Report of the Expert Committee on the Textile Industry (Record no. 489677)

000 -LEADER
fixed length control field 00505cam a22001457a 4500
008 - FIXED-LENGTH DATA ELEMENTS--GENERAL INFORMATION
fixed length control field 180718b1985 xxu||||| |||| 00| 0 eng d
082 ## - DEWEY DECIMAL CLASSIFICATION NUMBER
Classification number T212x54 In2re
100 ## - MAIN ENTRY--PERSONAL NAME
Personal name Expert Committee on the Textile Industry
245 ## - TITLE STATEMENT
Title Report of the Expert Committee on the Textile Industry
Statement of responsibility, etc. by Ministry of Supply and Textile, India
260 ## - PUBLICATION, DISTRIBUTION, ETC.
Place of publication, distribution, etc. New Delhi
Name of publisher, distributor, etc. The author
Date of publication, distribution, etc. 1985
300 ## - PHYSICAL DESCRIPTION
Extent 74+p.
500 ## - GENERAL NOTE
General note Chairman: S.S. Varma
700 ## - ADDED ENTRY--PERSONAL NAME
Personal name India. Ministry of Supply and Textile
700 ## - ADDED ENTRY--PERSONAL NAME
Personal name Varma, S.S. (Chairman)
Holdings
Withdrawn status Lost status Damaged status Not for loan Permanent Location Current Location Date acquired Full call number Barcode Date last seen Price effective from Koha item type
        Indian Institute of Public Administration Indian Institute of Public Administration 2018-08-04 T212x54 In2re G18023 2018-08-04 2018-08-04 G

Powered by Koha